| 000 | 00687nam a2200205Ii 4500 | ||
|---|---|---|---|
| 003 | JO-AjNU | ||
| 008 | 230605s9999||||xx |||||||||||||| ||und|| | ||
| 017 | _a2007/1/116 | ||
| 040 |
_aJO-AjNU _bara _erda _cJO-AjNU |
||
| 041 | _aara | ||
| 050 | 1 | 4 | _aTH145.S25 2007 |
| 100 | 3 |
_aسما، زهير محمد, _eauthor _951257 |
|
| 245 | 0 | 0 | _aدليل هندسي في تقييم واستلام الاعمال للمشاريع الهندسية |
| 264 | 3 | 1 | _aعمان:المؤلف،2007 |
| 300 | _a488ص | ||
| 336 |
_atext _btxt _2rdacontent |
||
| 337 |
_aunmediated _bn _2rdamedia |
||
| 338 |
_avolume _bnc _2rdacarrier |
||
| 650 | 4 |
_aادارة المشروعات الهندسية _951258 |
|
| 999 |
_aA22629 _c26197 _d26197 |
||